Kreatívny priemysel - potenciál pre rozvoj regiónov
Teoretické aspekty kreatívnej ekonomiky v kontexte súčasných spoločenských a ekonomických faktorov so zohľadnením špecifík rozvoja kreatívneho priemyslu v podmienkach Slovenska a možnosti využitia kreatívnych odvetví v rozvoji regiónov SR. Kreatívnu ekonomiku môžeme v súčasnosti vnímať ako nový glob...
Uložené v:
| Hlavný autor: | |
|---|---|
| Médium: | Kapitola |
| Jazyk: | Slovak |
| Predmet: | |
| Tagy: |
Žiadne tagy, Buďte prvý, kto otaguje tento záznam!
|
MARC
| LEADER | 00000naa a2200000 4500 | ||
|---|---|---|---|
| 001 | 0161639 | ||
| 005 | 20220718121436.7 | ||
| 041 | 0 | |a slo | |
| 044 | |a SK | ||
| 245 | 1 | 0 | |a Kreatívny priemysel - potenciál pre rozvoj regiónov |c Katarína Kráľová |
| 520 | |a Teoretické aspekty kreatívnej ekonomiky v kontexte súčasných spoločenských a ekonomických faktorov so zohľadnením špecifík rozvoja kreatívneho priemyslu v podmienkach Slovenska a možnosti využitia kreatívnych odvetví v rozvoji regiónov SR. Kreatívnu ekonomiku môžeme v súčasnosti vnímať ako nový globalizačný trend v modernej spoločnosti, ktorý vzniká už na konci 20. storočia. Tento trend sa vyznačuje zmenou prechodu od priemyselnej ekonomiky k ekonomike znalostní. | ||
| 610 | 2 | 0 | |a ekonomika kreatívna |
| 610 | 2 | 0 | |a konkurencieschopnosť |
| 610 | 2 | 0 | |a rozvoj regionálny |
| 610 | 2 | 0 | |a politika regionálna |
| 100 | 1 | |a Kráľová, Katarína | |